Welcome to the Holygrace Academy Library

Please use search bar below to get started

BEAUTY AND THE BEAST (Record no. 3498)

MARC details
000 -LEADER
fixed length control field 00261nam a22001217a 4500
020 ## - INTERNATIONAL STANDARD BOOK NUMBER
ISBN 978817693852-5
082 ## - DEWEY DECIMAL CLASSIFICATION NUMBER
Classification number 823
Item number BPI
100 ## - MAIN ENTRY--AUTHOR NAME
Personal name BPI INDIA
245 ## - TITLE STATEMENT
Title BEAUTY AND THE BEAST
260 ## - PUBLICATION, DISTRIBUTION, ETC. (IMPRINT)
Place of publication BPI INDIA
650 ## - SUBJECT ADDED ENTRY--TOPICAL TERM
Topical Term ENGLISH SHORT STORY
Geographic subdivision KERALA
942 ## - ADDED ENTRY ELEMENTS (KOHA)
Koha item type Books
Holdings
Withdrawn status Lost status Collection code Home library Current library Shelving location Date acquired Source of acquisition Cost, normal purchase price Full call number Accession Number Koha item type
    Fiction Main Library Main Library SHELF 3- E- ENGLISH CHILDRENS LITERATURE &MYTHOLOGY 06/01/2017 PURCHASE 30.00 823 BPI 09975 Books
    Fiction Main Library Main Library SHELF 3- I- ENGLISH CHILDRENS LITERATURE &MYTHOLOGY 17/04/2013 PURCHASE 25.00 823 BPI 06502 Books